Культурология: учебное пособие для вузов

Manylion Llyfryddiaeth
Prif Awdur: Ермишина Н. Д. Надежда Дмитриевна
Awduron Corfforaethol: Российский химико-технологический университет им. Д. И. Менделеева (РХТУ), Московский энергетический институт (Технический университет) (МЭИ (ТУ))
Crynodeb:Пособие подготовлено в соответствии с Требованиями к обязательному минимуму содержания (федеральному компоненту). Определены структура и методы культурологического знания. Культура анализируется как сложная многоуровневая система. Все ведущие компоненты культуры: виды, институты, ядро культуры — рассматриваются в рамках структуры культуры. Анализируются различные типы культуры, где выделяются ядро и периферия культуры, элитарная и массовая культуры, оцениваются достижения науки, религии, искусства. Определяются особенности российского типа культуры, делается вывод о необходимости охраны мирового и национального культурного наследия. Предназначено в качестве учебного пособия для студентов вузов.
Iaith:Rwseg
Cyhoeddwyd: Москва, Академический проект, 2007
Rhifyn:2-е изд.
Cyfres:Gaudeamus
Учебное пособие для вузов
Pynciau:
Fformat: Llyfr
KOHA link:https://koha.lib.tpu.ru/cgi-bin/koha/opac-detail.pl?biblionumber=144802

MARC

LEADER 00000nam0a2200000 4500
001 144802
005 20231101221122.0
010 |a 9785829108861 
010 |a 978-5-902357-728 
035 |a (RuTPU)RU\TPU\book\156939 
090 |a 144802 
100 |a 20081008d2007 m y0rusy50 ca 
101 0 |a rus 
102 |a RU 
105 |a y j 001zy 
200 1 |a Культурология  |e учебное пособие для вузов  |f Н. Д. Ермишина 
205 |a 2-е изд. 
210 |a Москва  |c Академический проект  |c Фонд "Мир"  |d 2007 
215 |a 432 с. 
225 1 |a Gaudeamus 
225 1 |a Учебное пособие для вузов 
320 |a Библиогр.: с. 427-429. 
330 |a Пособие подготовлено в соответствии с Требованиями к обязательному минимуму содержания (федеральному компоненту). Определены структура и методы культурологического знания. Культура анализируется как сложная многоуровневая система. Все ведущие компоненты культуры: виды, институты, ядро культуры — рассматриваются в рамках структуры культуры. Анализируются различные типы культуры, где выделяются ядро и периферия культуры, элитарная и массовая культуры, оцениваются достижения науки, религии, искусства. Определяются особенности российского типа культуры, делается вывод о необходимости охраны мирового и национального культурного наследия. Предназначено в качестве учебного пособия для студентов вузов. 
606 1 |a Культурология  |2 stltpush  |3 (RuTPU)RU\TPU\subj\67420  |9 83233 
610 1 |a культура 
610 1 |a методология 
610 1 |a структура 
610 1 |a типология 
610 1 |a национальные культуры 
610 1 |a социальные типы 
610 1 |a региональные типы 
610 1 |a культурные ценности 
610 1 |a учебные пособия 
610 1 |a концепции 
610 1 |a школы 
610 1 |a русская культура 
610 1 |a типология 
610 1 |a исторические типы 
610 1 |a конфессиональные типы 
686 |a Ч111я73  |v LBC/SL-A  |2 rubbk 
700 1 |a Ермишина  |b Н. Д.  |g Надежда Дмитриевна 
712 0 2 |a Российский химико-технологический университет им. Д. И. Менделеева (РХТУ)  |c (Москва)  |2 stltpush  |3 (RuTPU)RU\TPU\col\55 
712 0 2 |a Московский энергетический институт (Технический университет) (МЭИ (ТУ))  |2 stltpush  |3 (RuTPU)RU\TPU\col\122 
801 1 |a RU  |b 63413507  |c 20081008  |g PSBO 
801 2 |a RU  |b 63413507  |c 20150611  |g PSBO 
900 |a Культурология 
942 |c BK 
951 |a 510000  |a 520000  |a 550000 
955 |a 520000 
959 |a 88/20081006  |d 2  |e 160,00  |f ЧЗГЛ:1  |f АНЛ:1